000 01194cam a22003497a 4500
003 CHAP
005 20220817041929.0
008 971013s1974 r 00010 d
010 _a29062
011 _a30034
035 _a34146
040 _cCHAP
082 _a080
_bS4 v.137-138
100 0 0 _aMacKenzie, Norman.
_969445
245 1 3 _aLa enseñanza y el aprendizaje
_b: introducción a nuevos métodos y recursos en la educación superior
260 _aMéxico, D.F. :
_bSecretaría de Educación Pública,
_c1974
300 _a2 v
490 0 _aSEP-Setentas, 137-138
590 _aBATCH-UPD
_b10
_c20130110
_lUCH01
_h0130
590 _aBATCH-UPD
_b10
_c20130110
_lUCH01
_h1927
590 _aBATCH-UPD
_b10
_c20130410
_lUCH01
_h1252
590 _aBATCH-UPD
_b10
_c20130914
_lUCH01
_h1245
590 _aCONVERSION
_b10
_c20130109
_lUCH01
_h1317
650 1 4 _aEducación superior.
700 0 _aEraut, Michael.
_937279
700 0 _aJones, Hywel C. V.
_962020
830 0 _aSEP-Setentas, 137-138
_9104441
901 _aBK
942 _cLIBRO
949 _a080 S4 v.137
_bBC
_cLIBRO
_d33724000307435
_eLIBRO
_h30550
_i34146
_mD
_si
949 _a080 S4 v.138
_bBC
_cMUT
_d-79192
_eMUT
_h31839
_i34146
_mD
_si
999 _c29062
_d29062